[Event "Nantes op 3rd"]
[Site "Nantes"]
[Date "2004.12.27"]
[Round "1"]
[White "Erard, Amede"]
[Black "Berthelot, Yannick"]
[Result "0-1"]
[WhiteElo "1902"]
[BlackElo "2298"]
[PlyCount "74"]
[EventDate "2004.12.27"]
[EventType "swiss"]
[EventRounds "7"]
[EventCountry "FRA"]
[SourceTitle "EXT 2006"]
[Source "ChessBase"]
[SourceDate "2005.11.24"]
[SourceVersion "1"]
[SourceVersionDate "2005.11.24"]
[SourceQuality "1"]

1. e4 c5 2. Nf3 Nc6 3. d3 g6 4. Be3 Bg7 5. c3 d6 6. Be2 e5 7. 0-0 Nge7 8. Qd2 0-0 9. Bh6 d5 10. Bxg7 Kxg7 11. Qg5 f6 12. Qc1 b6 13. Rd1 d4 14. Nbd2 g5 15. Nf1 Ng6 16. g3 Be6 17. Kg2 Qd7 18. Ng1 h6 19. Bh5 f5 20. h4 gxh4 21. Bxg6 Kxg6 22. exf5+ Rxf5 23. c4 h3+ 24. Kh1 Rxf2 25. Rd2 Bd5+ 26. Nf3 Bxf3+ 27. Kg1 Rg2+ 28. Rxg2 Bxg2 29. Qd2 Rf8 30. Nh2 Qf5 31. a3 Qg5 32. Qxg5+ Kxg5 33. Re1 h5 34. b4 cxb4 35. axb4 e4 36. dxe4 d3 37. e5 Nd4 0-1